世界民間故事
| 資料類型: | 圖書 | 書目號: | 28032 |
Leader xxxxxxxxxx 001 __ 80007264 005 __ 19950313161743.0 008 __ chi 010 0_ |a|b平裝|dNT$120 020 __ |acw|b81002218 100 __ |a19920518g1992 0chib0109 e. 101 0_ |achi. 102 __ |acw. 105 __ |aa z 000yy. 200 1_ |a世界民間故事|e|fLeila Berg 原著 李約翰譯註 205 __ |a再版. 210 __ |a臺北市|c大夏出版社|d民87年再版 211 __ |a8106. 215 0_ |a189面|c|d20公分. 225 1_ |a英漢對照|v37 260 1_ |a1992. 681 __ |a859.6. 700 __ |a李|b約翰|4譯註 702 __ |a|b|4 |